| 000 | 00834cad a22002175a 4500 | ||
|---|---|---|---|
| 001 | L156796 | ||
| 008 | 120716e20120209xxk 000 0 eng d | ||
| 035 | _a(Sirsi) u156796 | ||
| 041 | 0 | _aeng | |
| 100 | 1 | _aBaker, Lucinda | |
| 110 | 2 |
_aRickerbys LLP _96094 |
|
| 245 | 0 | 0 |
_aBuilding information modelling _h[electronic resource] |
| 260 | _c2012 | ||
| 520 | _aThe article discusses the issues surrounding the intellectual property rights which may subsist in a BIM model, and looks at who owns the BIM model and the data and information contained therein. | ||
| 590 | _aKA NTK | ||
| 650 | 2 | 4 | _aBUILDING INFORMATION MODELLING |
| 651 | 4 |
_aUnited Kingdom _y |
|
| 690 |
_aBIM _96219 |
||
| 856 | 4 | 0 |
_uhttps://www.rickerbys.com/news/Building-Information-Modelling.aspx _zView this item free of charge at www.clarkslegal.com |
| 942 | _n0 | ||
| 999 |
_c84160 _d84160 |
||